Fiscal multipliers and the zero lower bound
Dôsledky spodného nulového obmedzenia úrokových sadzieb na veľkosť fiškálnych multiplikátorov. Analýza bola realizovaná v rozšírenom modely Európskej centrálnej banky New Area-Wide Model, ktorý obsahuje rôzne fiškálne nástroje.
Saved in:
| Main Author: | |
|---|---|
| Format: | Book Chapter |
| Language: | English |
| Subjects: | |
| Tags: |
No Tags, Be the first to tag this record!
|
MARC
| LEADER | 00000naa a2200000 4500 | ||
|---|---|---|---|
| 001 | 0233378 | ||
| 005 | 20220805075511.0 | ||
| 041 | 0 | |a eng | |
| 044 | |a SK | ||
| 245 | 1 | 0 | |a Fiscal multipliers and the zero lower bound |c Miroslav Hloušek |
| 520 | |a Dôsledky spodného nulového obmedzenia úrokových sadzieb na veľkosť fiškálnych multiplikátorov. Analýza bola realizovaná v rozšírenom modely Európskej centrálnej banky New Area-Wide Model, ktorý obsahuje rôzne fiškálne nástroje. | ||
| 610 | 2 | 0 | |a modely ekonometrické |
| 610 | 2 | 0 | |a sadzby úrokové |
| 610 | 2 | 0 | |a politika menová |
| 610 | 2 | 0 | |a banky centrálne |
| 610 | 2 | 0 | |a Európska únia |
| 100 | 1 | |a Hloušek, Miroslav | |